00379pab a2200145 454500008004000000100002300040245005600063260000900119300001200128362000800140650001200148650001700160700002500177773003100202180718b2013 xxu||||| |||| 00| 0 eng d aTsekeris, Theodore aCity size, network structure and traffic congestion c2013 ap.1-14. aJul aTraffic aUrban spaces aGeroliminis, Nikolas aJournal of Urban Economics